Rap Labels - Statistics

General Stats
  • This quiz has been taken 5 times
  • The average score is 3 of 13
Answer Stats
Members Label % Correct
MC Hammer, Tha Dogg Pound Death Row
50%
Lil Wayne, Tyga Young Money
50%
Anderson .Paak, 50 Cent Aftermath
25%
French Montana, 112 Bad Boy
25%
Birdman Cash Money
25%
Benny the Butcher, Conway the Machine Griselda
25%
A$AP Nast, Ken Carson Opium
25%
PartyNextDoor, Slimey OVO
25%
Tanna Leone, Baby Keem PG Lang
25%
Cozz, Omen Dreamville
0%
Young Scooter, Future Freebandz
0%
N.O.R.E, Swizz Beatz Mass Appeal
0%
D12, Westside Boogie Shady
0%
No matching quizzes found
Score Distribution
Percent of People with Each Score
Percentile by Number Answered
Your Score History
You have not taken this quiz